000 00697cam a22002533a 4500
001 3808
003 PGUSA
005 20140828083038.0
008 030301s2003||||xxu|||||s|||||000 1 eng d
040 _aPGUSA
_beng
042 _adc
050 4 _aPQ
100 1 _aVerne, Jules,
_d1828-1905
245 1 0 _aRobur the Conqueror
_h[electronic resource] /
_cJules Verne
260 _bProject Gutenberg,
_c2003
506 _aPublic domain in the USA.
516 _aElectronic text
653 _aScience fiction
653 _aAeronautics -- Fiction
740 0 _aRobur-le-conquerant. English
830 0 _aProject Gutenberg
_v3808
856 4 0 _uhttp://www.gutenberg.org/ebooks/3808
942 _cEB
999 _c233137
_d233137